Maths : factorielles - Statistiques

Statistiques générales
  • Ce quiz a été pris 1 275 fois
  • Le résultat moyen est 8 sur 10
Statistiques - réponses
Factorielle Résultat % Correct
1 ! 1
100%
2 ! 2
99%
3 ! 6
97%
4 ! 24
94%
5 ! 120
92%
6 ! 720
89%
7 ! 5 040
75%
8 ! 40 320
68%
9 ! 362 880
49%
10 ! 3 628 800
47%
Aucun quiz correspondant
Distribution des résultats
% des personnes avec chaque résultat
Percentile par nombre de réponses
Votre historique - résultats
Vous n’avez pas pris ce quiz